Football : classement ligue 2 2024-2025 - Statistiques

Statistiques générales
  • Ce quiz a été pris 71 fois
  • Le résultat moyen est 13 sur 18
Statistiques - réponses
Place Club % Correct
2 Paris FC
100%
1 FC Lorient
98%
3 FC Metz
97%
4 Dunkerque
88%
16 Clermont
78%
18 Caen
74%
17 Martigues
72%
5 Guingamp
71%
6 Annecy
62%
9 Grenoble
62%
13 Pau
62%
8 Bastia
60%
14 Rodez
60%
12 Ajaccio
59%
7 Laval
59%
15 Red Star
59%
11 Amiens
57%
10 Troyes
55%
Aucun quiz correspondant
Distribution des résultats
% des personnes avec chaque résultat
Percentile par nombre de réponses
Votre historique - résultats
Vous n’avez pas pris ce quiz